Clara Oswald Face the Raven Speech - Statistics

General Stats
  • This quiz has been taken 33 times
  • The average score is 45 of 63
Answer Stats
Answer % Correct
a
95%
a
95%
I
95%
You,
95%
you
95%
you.
95%
you,
95%
You
95%
be
89%
be
89%
be
89%
be
89%
Be
89%
Doctor.
89%
and
84%
and
84%
me.
84%
me.
84%
me.
84%
No,
84%
to
79%
to
79%
to
79%
to
79%
to
79%
You're
79%
you're
79%
You're
79%
you're
79%
you're
79%
alone
74%
but
74%
Don't
68%
don't
68%
going
68%
going
68%
going
68%
is
68%
listen
68%
listen
68%
listen.
68%
now,
68%
that.
68%
at
63%
bad
63%
this
63%
very
63%
furious
58%
know
58%
let
58%
of.
58%
sad,
58%
change
53%
what
53%
capable
47%
warrior.
47%
Promise
42%
she
42%
wherever
42%
happens
37%
next,
37%
sending
37%
Whatever
37%
No matching quizzes found
Score Distribution
Percent of People with Each Score
Percentile by Number Answered
Your Score History
You have not taken this quiz